| 000 | 00725nam a22002297a 4500 | ||
|---|---|---|---|
| 999 |
_c6356 _d6356 |
||
| 003 | AR-CdUCM | ||
| 008 | 190315b ||||| |||| 00| 0 spa d | ||
| 040 |
_aMUNICIPALIDAD PROVINCIAL DEL CUSCO _cBIBLIOTECA MUNICIPAL DEL CUSCO |
||
| 082 |
_a869.55 / _bP17 |
||
| 100 |
_aPalma, Ricardo _9304 |
||
| 245 | _aTradiciones peruanas / | ||
| 260 |
_aLima : _bMinisterio de educación publica, _c1958. |
||
| 300 |
_a147 paginas ; _c17 cm |
||
| 500 | _aDonación familia Nieto | ||
| 505 | _aContenido :Incanato y conquista --Virreinato --Independencia ... | ||
| 650 |
_aCuentos peruanos _97 |
||
| 650 |
_aCuentos históricos peruanos _918141 |
||
| 650 |
_aSiglo XIX _9971 |
||
| 942 |
_2ddc _cLIBROS |
||
| 945 | _arjall | ||